[Event "SRI-ch (Women)"]
[Site "Nugegoda"]
[Date "2021.12.28"]
[Round "8"]
[White "Newansa, M Esandi"]
[Black "Gamage, BK Sayumi Hasithma"]
[Result "1-0"]
[WhiteElo "1163"]
[BlackElo "1154"]
[PlyCount "151"]
[EventDate "2021.12.24"]
[EventType "tourn"]
[EventRounds "13"]
[EventCountry "SRI"]
[SourceTitle "CBM 205 Extra"]
[Source "ChessBase"]
[SourceDate "2022.01.31"]
[SourceVersion "1"]
[SourceVersionDate "2022.01.31"]
[SourceQuality "1"]

1. d4 Nf6 2. Bf4 d5 3. e3 c5 4. c3 Nc6 5. Nf3 Qb6 6. Qc2 g6 7. dxc5 Qxc5 8. Bd3 Bg7 9. Nbd2 0-0 10. e4 dxe4 11. Nxe4 Nxe4 12. Bxe4 e5 13. Be3 Qe7 14. Qa4 Bd7 15. Qc4 Rfc8 16. Bc5 Be6 17. Qb5 Qc7 18. Ng5 Bd7 19. Rd1 Bf8 20. Bd5 Nd8 21. Bxf7+ Nxf7 22. Rxd7 Qxc5 23. Qxc5 Rxc5 24. Nxf7 e4 25. 0-0 Re8 26. Re1 Ra5 27. a3 Rb5 28. Re2 Rf5 29. Nd8 b6 30. Nc6 a5 31. Nd4 Rfe5 32. Nc2 Bc5 33. Ne3 Bxe3 34. Rxe3 Rb5 35. Re2 Rbe5 36. Rd1 Kf7 37. Rd7+ Kg8 38. Rb7 b5 39. Rd7 a4 40. Kf1 h6 41. Rd4 Kf7 42. c4 bxc4 43. Rxc4 Rd8 44. g3 e3 45. fxe3 Rde8 46. e4 Ra8 47. Rd2 Rb5 48. Ke2 Rab8 49. Rcc2 Kf6 50. Kd1 Ke5 51. Kc1 Kxe4 52. Rc4+ Ke3 53. Rxa4 Rc8+ 54. Rc2 Rf8 55. Kb1 Rf1+ 56. Ka2 Kd3 57. Rac4 Rff5 58. Rc6 h5 59. R2c3+ Kd4 60. Rxg6 Rf2 61. Rb3 Rc5 62. h4 Rf1 63. Rb4+ Kd3 64. g4 Rcc1 65. gxh5 Ra1+ 66. Kb3 Rab1 67. h6 Rf2 68. h7 Rbxb2+ 69. Ka4 Rxb4+ 70. axb4 Kc4 71. Rg4+ Kc3 72. h8Q+ Kc2 73. Qd4 Rf4 74. Rg2+ Kc1 75. Qg1+ Rf1 76. Qxf1# 1-0

[Event "SRI-ch (Women)"]
[Site "Nugegoda"]
[Date "2021.12.27"]
[Round "7"]
[White "Gamage, BK Sayumi Hasithma"]
[Black "Ramanayake, Nemindi Linaya"]
[Result "1/2-1/2"]
[WhiteElo "1154"]
[BlackElo "1328"]
[PlyCount "60"]
[EventDate "2021.12.24"]
[EventType "tourn"]
[EventRounds "13"]
[EventCountry "SRI"]
[SourceTitle "CBM 205 Extra"]
[Source "ChessBase"]
[SourceDate "2022.01.31"]
[SourceVersion "1"]
[SourceVersionDate "2022.01.31"]
[SourceQuality "1"]

1. e4 c6 2. Nc3 d5 3. Nf3 dxe4 4. Nxe4 Nf6 5. Qe2 Nxe4 6. Qxe4 Qd5 7. Qf4 Qf5 8. d3 Qxf4 9. Bxf4 Nd7 10. d4 g6 11. Bd3 Bg7 12. c3 0-0 13. 0-0 b6 14. Rfe1 e6 15. Ne5 Nxe5 16. Bxe5 Bb7 17. Bxg7 Kxg7 18. Be4 Rac8 19. Rad1 Rfd8 20. g3 Rd7 21. Bg2 Rcd8 22. f4 Kf8 23. Kf2 Rd6 24. Bf3 R6d7 25. Bg2 h5 26. h3 Rd6 27. Bf3 R6d7 28. Bg2 Rd6 29. Bf3 a5 30. b3 R6d7 1/2-1/2

[Event "SRI-ch (Women)"]
[Site "Nugegoda"]
[Date "2021.12.24"]
[Round "1"]
[White "Vithanawasam, Oneli"]
[Black "Gamage, BK Sayumi Hasithma"]
[Result "1-0"]
[WhiteElo "1345"]
[BlackElo "1154"]
[PlyCount "97"]
[EventDate "2021.12.24"]
[EventType "tourn"]
[EventRounds "13"]
[EventCountry "SRI"]
[SourceTitle "CBM 205 Extra"]
[Source "ChessBase"]
[SourceDate "2022.01.31"]
[SourceVersion "1"]
[SourceVersionDate "2022.01.31"]
[SourceQuality "1"]

1. d4 Nf6 2. Bf4 d5 3. e3 c5 4. c3 Nc6 5. Nf3 Qb6 6. Qc2 g6 7. Nbd2 Bg7 8. Be5 0-0 9. Be2 Bf5 10. dxc5 Qxc5 11. Qb3 Nxe5 12. Nxe5 Qc7 13. Nd3 Rfd8 14. h3 e5 15. 0-0 Re8 16. Rac1 b6 17. Rfd1 Ne4 18. Nxe4 dxe4 19. Nb4 Rac8 20. Ba6 Rb8 21. Qa4 Rbd8 22. Nd5 Qb8 23. Bb5 Rxd5 24. Rxd5 Rd8 25. Rxd8+ Qxd8 26. Rd1 Qg5 27. Bd7 h5 28. Qxa7 Qh4 29. Qxb6 Kh7 30. Qc7 Qf6 31. Bxf5 gxf5 32. Rd6 Qg5 33. Qxf7 f4 34. exf4 exf4 35. Rd5 Qxd5 36. Qxd5 e3 37. fxe3 fxe3 38. Qe4+ Kg8 39. Qxe3 h4 40. a4 Kh7 41. a5 Bh6 42. Qe4+ Kg8 43. a6 Bf8 44. Qd5+ Kg7 45. a7 Bd6 46. Qxd6 Kf7 47. a8R Kg7 48. Ra7+ Kg8 49. Qb8# 1-0

[Event "Asia-ch U20 Girls"]
[Site "Waskaduwa"]
[Date "2021.12.20"]
[Round "6"]
[White "Gamage, BK Sayumi Hasithma"]
[Black "Almaamari, Zainab Darwish"]
[Result "1-0"]
[WhiteElo "1154"]
[BlackElo "1451"]
[PlyCount "98"]
[EventDate "2021.12.17"]
[EventType "swiss"]
[EventRounds "9"]
[EventCountry "SRI"]
[SourceTitle "CBM 206 Extra"]
[Source "ChessBase"]
[SourceDate "2022.03.31"]
[SourceVersion "1"]
[SourceVersionDate "2022.03.31"]
[SourceQuality "1"]

1. e4 g6 2. d4 Bg7 3. Nf3 d6 4. Bc4 Nf6 5. Nc3 0-0 6. Qe2 Bg4 7. h3 Bxf3 8. Qxf3 Nc6 9. Be3 e5 10. d5 Ne7 11. 0-0-0 a6 12. g4 b5 13. Bb3 Qc8 14. Bg5 c5 15. Bxf6 Bxf6 16. Qxf6 Qc7 17. a3 c4 18. Ba2 h6 19. h4 Kh7 20. Ne2 a5 21. c3 b4 22. a4 b3 23. Bb1 Qd7 24. g5 h5 25. Ng3 Ra7 26. Qf3 Ng8 27. Qe3 Rc7 28. f4 Qxa4 29. f5 Ne7 30. Qf3 Rh8 31. fxg6+ Nxg6 32. Nxh5 Qa1 33. Qf6 Rg8 34. Rd2 Rd7 35. Ng3 Rh8 36. h5 Kg8 37. Rdh2 Nf4 38. Rd2 a4 39. Nf5 Rh7 40. Ne7+ Rxe7 41. Qxe7 Ng6 42. Qd8+ Nf8 43. g6 fxg6 44. Rg1 Rxh5 45. Rxg6+ Kh7 46. Rg1 Ng6 47. Qd7+ Kh8 48. Qe8+ Kh7 49. Qxg6+ Kh8 1-0